000 00500nam a2200169Ia 4500
003 GCL
008 140319s9999 xx 000 0 ara d
040 _aGCL /
_cGCL
082 0 4 _a813.01
_bم ح
100 1 _aمحمد جبريل
245 1 0 _aحكايات وهوامش من حياة المبتلى: قصص /
_cمحمد جبريل
300 _a114 ص
490 _aاصوات ادبية
_v0
650 0 4 _aالادب العربى
650 0 4 _aالقصص العربية - مصر
942 _2ddc
_cBK
999 _c50756
_d50756